[Event "FIDE Open World Blitz 2021"]
[Site "Warsaw"]
[Date "2021.12.30"]
[Round "15.27"]
[White "Matlakov, Maxim"]
[Black "Sargsyan, Shant"]
[Result "0-1"]
[WhiteElo "2614"]
[BlackElo "2628"]
[Annotator "ChessBase"]
[PlyCount "74"]
[EventDate "2021.12.29"]
[EventType "swiss"]
[EventCountry "POL"]
[Tiebreak "Cut1 Buchholz"]
[SourceTitle "playchess.com"]
[Source "ChessBase"]
[SourceQuality "1"]

1. e4 e5 2. Nf3 Nc6 3. Bc4 Nf6 4. d3 Bc5 5. a4 d6 6. a5 a6 7. c3 h6 8. O-O O-O
9. h3 Ba7 10. Re1 Ne7 11. Nbd2 Ng6 12. Nf1 c6 13. Bb3 Re8 14. Be3 Bxe3 15. Nxe3
d5 16. Qc2 Be6 17. Ba2 Qc7 18. b4 Rad8 19. Nf1 Nf4 20. Ng3 Nxd3 21. Qxd3 dxe4
22. Qe3 exf3 23. Qxf3 Bxa2 24. Rxa2 e4 25. Qe3 Nd5 26. Qc1 e3 27. Nf5 Qe5 28.
Nxe3 Qxc3 29. Qxc3 Nxc3 30. Raa1 Kf8 31. Nf5 Rxe1+ 32. Rxe1 Rd5 33. g4 g6 34.
Ne3 Rd4 35. Nc2 Rc4 36. Ne3 Rxb4 37. Rc1 Rb1 0-1

[Event "FIDE Open World Blitz 2021"]
[Site "Warsaw"]
[Date "2021.12.30"]
[Round "15.27"]
[White "Klimkowski, Jan"]
[Black "Sadzikowski, Daniel"]
[Result "1-0"]
[WhiteElo "2015"]
[BlackElo "2415"]
[Annotator "NA"]
[PlyCount "77"]
[EventDate "2021.12.29"]
[EventType "swiss"]
[EventCountry "POL"]
[Tiebreak "Cut1 Buchholz"]
[SourceTitle "playchess.com"]
[Source "ChessBase"]
[SourceQuality "1"]

1. e4 c5 2. Nf3 d6 3. d4 cxd4 4. Nxd4 Nf6 5. Nc3 a6 6. Be3 e5 7. Nb3 Be6 8. f3
h5 9. Nd5 Bxd5 10. exd5 Nbd7 11. Qd2 g6 12. Be2 Bg7 13. O-O b6 14. c4 h4 15.
Rac1 Nh5 16. Rfe1 O-O 17. Bg5 Bf6 18. Bh6 Bg7 19. Bg5 Bf6 20. Be3 Bg7 21. Na1
f5 22. Nc2 a5 23. Na3 Nc5 24. Nb5 h3 25. g3 f4 26. Bxc5 bxc5 27. g4 e4 28. Bf1
e3 29. Qc2 Qf6 30. gxh5 gxh5 31. Kh1 Rf7 32. Bxh3 Kh8 33. Be6 Rb7 34. Rb1 Bh6
35. Rg1 Rg7 36. Rxg7 Bxg7 37. Rg1 Qxb2 38. Qg6 Qe5 39. Nxd6 1-0

[Event "FIDE Open World Blitz 2021"]
[Site "Warsaw"]
[Date "2021.12.30"]
[Round "15.28"]
[White "Kobalia, Mikhail"]
[Black "Vokhidov, Shamsiddin"]
[Result "1-0"]
[WhiteElo "2600"]
[BlackElo "2613"]
[Annotator "ChessBase"]
[PlyCount "145"]
[EventDate "2021.12.29"]
[EventType "swiss"]
[EventCountry "POL"]
[Tiebreak "Cut1 Buchholz"]
[SourceTitle "playchess.com"]
[Source "ChessBase"]
[SourceQuality "1"]

1. e4 c5 2. Nf3 d6 3. d4 cxd4 4. Nxd4 Nf6 5. Nc3 Nc6 6. Bg5 Bd7 7. Qd2 a6 8.
O-O-O e6 9. f3 Nxd4 10. Qxd4 h6 11. Be3 Bc6 12. Kb1 d5 13. exd5 Nxd5 14. Nxd5
Qxd5 15. Bc4 Qxd4 16. Bxd4 O-O-O 17. Be5 Rxd1+ 18. Rxd1 h5 19. Rd2 h4 20. h3
Rh5 21. Bc3 Rg5 22. a3 Kc7 23. Bd4 Bc5 24. Bc3 Be3 25. Re2 Bf4 26. Bd4 Bd6 27.
Bc3 b5 28. Bd3 Bf4 29. Bd4 Bd5 30. Bc3 Kc6 31. Bb4 f6 32. a4 Rh5 33. axb5+ axb5
34. b3 e5 35. Bf8 Rg5 36. Kb2 f5 37. c4 bxc4 38. bxc4 Be6 39. Kc3 g6 40. Be7
Rh5 41. Ra2 Rh8 42. Ra6+ Kd7 43. Bf6 Rc8 44. Bxh4 e4 45. fxe4 fxe4 46. Be2 Be5+
47. Kd2 Bf4+ 48. Ke1 g5 49. Bxg5 Bxg5 50. Rxe6 Bh4+ 51. Kd1 Rg8 52. Rxe4 Bf6
53. Bg4+ Kc7 54. Kc2 Rb8 55. Bf3 Rb2+ 56. Kd3 Kd6 57. Re8 Bg5 58. Ke4 Rc2 59.
Kf5 Bh4 60. Re6+ Kc5 61. Re4 Bg3 62. h4 Ra2 63. h5 Ra6 64. Re6 Ra7 65. Rc6+ Kd4
66. h6 Rf7+ 67. Kg6 Rf8 68. Kg7 Re8 69. Rg6 Be5+ 70. Kf7 Rc8 71. Rg8 Rc7+ 72.
Ke6 Rc5 73. Rg5 1-0

[Event "FIDE Open World Blitz 2021"]
[Site "Warsaw"]
[Date "2021.12.30"]
[Round "15.28"]
[White "Aditya, Mittal"]
[Black "Nevednichy, Vladislav"]
[Result "0-1"]
[WhiteElo "2245"]
[BlackElo "2379"]
[Annotator "NA"]
[PlyCount "136"]
[EventDate "2021.12.29"]
[EventType "swiss"]
[EventCountry "POL"]
[Tiebreak "Cut1 Buchholz"]
[SourceTitle "playchess.com"]
[Source "ChessBase"]
[SourceQuality "1"]

1. d4 d6 2. c4 e5 3. d5 a5 4. Nc3 Na6 5. e4 g6 6. Be2 h5 7. Be3 h4 8. h3 Bh6 9.
Qd2 Bxe3 10. Qxe3 Nc5 11. Nf3 Nf6 12. Nxe5 Qe7 13. Nf3 Nfxe4 14. Nxe4 Qxe4 15.
Qd2 O-O 16. O-O Kg7 17. Rfe1 Bf5 18. Bf1 Qc2 19. Qd4+ f6 20. Nxh4 Rae8 21. Rec1
Qe4 22. Nxf5+ Qxf5 23. Re1 Qc2 24. Rac1 Qa4 25. Rxe8 Rxe8 26. Rc3 Qxa2 27. Rf3
Rf8 28. Re3 Qb1 29. Qc3 a4 30. Re1 Qf5 31. Qa5 b6 32. Qc3 Qd7 33. Qe3 Rf7 34.
g3 Qf5 35. Bg2 Qc2 36. Qe2 Qxe2 37. Rxe2 f5 38. f4 Kf6 39. h4 Rf8 40. Kf2 b5
41. cxb5 Rb8 42. Bf1 Nd3+ 43. Kg2 Nc5 44. Rc2 Re8 45. Kf3 Re4 46. Rc4 Re1 47.
Be2 Rb1 48. Rc2 Ra1 49. Bc4 Rd1 50. g4 fxg4+ 51. Kxg4 Rd4 52. Ba2 Rb4 53. Bc4
Ne4 54. Kf3 Rxc4 55. Re2 Nc5 56. Re8 Rb4 57. Rf8+ Ke7 58. Rc8 Kd7 59. Rg8 Rxb2
60. Rxg6 a3 61. Rg8 a2 62. Ra8 Nd3 63. h5 Nb4 64. Kg4 Rb1 65. h6 a1=Q 66. Rg8
Rg1+ 67. Kf5 Qb1+ 68. Kf6 Rxg8 0-1

[Event "FIDE Open World Blitz 2021"]
[Site "Warsaw"]
[Date "2021.12.30"]
[Round "15.29"]
[White "Harsha, Bharathakoti"]
[Black "Caruana, Fabiano"]
[Result "0-1"]
[WhiteElo "2576"]
[BlackElo "2791"]
[Annotator "TA"]
[PlyCount "110"]
[EventDate "2021.12.29"]
[EventType "swiss"]
[EventCountry "POL"]
[Tiebreak "Cut1 Buchholz"]
[SourceTitle "playchess.com"]
[Source "ChessBase"]
[SourceQuality "1"]

1. f4 d5 2. Nf3 c5 3. g3 Nc6 4. Bg2 Bg4 5. O-O Nf6 6. d3 e6 7. c3 Bd6 8. Qe1
O-O 9. e4 Bc7 10. Nbd2 b5 11. h3 Bxf3 12. Nxf3 c4 13. e5 Nd7 14. d4 Nb6 15. g4
f6 16. Be3 Qe7 17. h4 b4 18. Bh3 fxe5 19. fxe5 Na4 20. Rb1 Ba5 21. Bd2 Rab8 22.
Qd1 Nb6 23. g5 Nd7 24. Qc2 b3 25. axb3 cxb3 26. Qd3 Nb6 27. Rbe1 Nc4 28. Bc1
Bb6 29. Kh1 a5 30. h5 a4 31. h6 g6 32. Nh2 a3 33. bxa3 b2 34. Bxb2 Nxb2 35. Qe2
Nc4 36. Qg4 Rf5 37. Qh4 Ba5 38. Bxf5 exf5 39. Rb1 Bxc3 40. Rxb8+ Nxb8 41. Nf3
Nc6 42. Rb1 Qxa3 43. Qf2 Bb2 44. Rd1 Kf7 45. Qe2 Ke7 46. Rd3 Qa1+ 47. Rd1 Qa4
48. Rb1 Qb3 49. Rd1 Qc3 50. Rd3 Qc1+ 51. Rd1 Qf4 52. Qd3 Ba3 53. Rb1 Bb4 54.
Ra1 Qe4 55. Rd1 Ne3 0-1

[Event "FIDE Open World Blitz 2021"]
[Site "Warsaw"]
[Date "2021.12.30"]
[Round "15.29"]
[White "Kuzmicz, Krystian"]
[Black "Wieczorek, Oskar"]
[Result "1-0"]
[WhiteElo "2281"]
[BlackElo "2258"]
[Annotator "NA"]
[PlyCount "90"]
[EventDate "2021.12.29"]
[EventType "swiss"]
[EventCountry "POL"]
[Tiebreak "Cut1 Buchholz"]
[SourceTitle "playchess.com"]
[Source "ChessBase"]
[SourceQuality "1"]

1. e4 c5 2. d3 Nc6 3. g3 g6 4. Bg2 Bg7 5. f4 d6 6. Nf3 e6 7. O-O Nge7 8. c3 b6
9. Be3 O-O 10. Bf2 f5 11. Re1 fxe4 12. dxe4 e5 13. Qd2 Bg4 14. Na3 Kh8 15. Nc4
exf4 16. gxf4 Bxf3 17. Bxf3 g5 18. f5 Ne5 19. Be2 Nxc4 20. Bxc4 Be5 21. Kh1 Ng8
22. Rg1 Nf6 23. Rae1 g4 24. Qh6 Qe7 25. Bh4 a6 26. Rg2 b5 27. Be6 Qb7 28. Bxf6+
Rxf6 29. Qh4 Qg7 30. Rxg4 Qh6 31. Reg1 Rxe6 32. fxe6 Qxe6 33. Qh5 Rf8 34. Rh4
Qe7 35. Qg4 Qf7 36. Rh5 Qe7 37. Rf5 Re8 38. Qf3 Qe6 39. Rf7 Qh6 40. h3 b4 41.
Qf5 bxc3 42. bxc3 Bxc3 43. Rg5 Be5 44. Rxh7+ Qxh7 45. Rh5 Re7 1-0

[Event "FIDE Open World Blitz 2021"]
[Site "Warsaw"]
[Date "2021.12.30"]
[Round "15.30"]
[White "Gagunashvili, Merab"]
[Black "Nihal Sarin"]
[Result "0-1"]
[WhiteElo "2575"]
[BlackElo "2650"]
[Annotator "ChessBase"]
[PlyCount "174"]
[EventDate "2021.12.29"]
[EventType "swiss"]
[EventCountry "POL"]
[Tiebreak "Cut1 Buchholz"]
[SourceTitle "playchess.com"]
[Source "ChessBase"]
[SourceQuality "1"]

1. d4 d5 2. Nf3 Nf6 3. c4 e6 4. Nc3 h6 5. Bf4 Bd6 6. Bxd6 Qxd6 7. e3 O-O 8. Be2
dxc4 9. Bxc4 c5 10. O-O Nc6 11. Rc1 Rd8 12. dxc5 Qxc5 13. Qe2 Qe7 14. Rfd1 Bd7
15. a3 Be8 16. Ba2 Rac8 17. Bb1 a6 18. Ne4 Na5 19. Nxf6+ Qxf6 20. Rxc8 Rxc8 21.
Nd4 g6 22. Qd2 Nc4 23. Qc3 Bd7 24. Ba2 Ne5 25. Qd2 Ba4 26. Rc1 Rxc1+ 27. Qxc1
Qxf2+ 28. Kxf2 Nd3+ 29. Kf3 Nxc1 30. Bc4 e5 31. b3 Bd7 32. Ne2 Bc6+ 33. Kf2
Nxe2 34. Bxe2 f5 35. Bc4+ Kg7 36. h4 Kf6 37. g3 Bd7 38. b4 Be6 39. Be2 Ke7 40.
Ke1 Kd6 41. Bf3 b6 42. Kd2 a5 43. Kc3 Ke7 44. Kd2 Kf6 45. Ke1 g5 46. hxg5+ hxg5
47. Bd1 e4 48. Be2 axb4 49. axb4 Ke5 50. Bb5 f4 51. gxf4+ gxf4 52. Kf2 Bb3 53.
Ba6 Bc2 54. Bb7 Bd3 55. Bc6 Bc4 56. Be8 Bd5 57. Bb5 f3 58. Bd7 Kd6 59. Bb5 Be6
60. Ba6 Bd7 61. Bc4 b5 62. Bb3 Be6 63. Bc2 Bd5 64. Ke1 Ke5 65. Kf2 Bc4 66. Ke1
Kd5 67. Kf2 Ba2 68. Ke1 Kc4 69. Bxe4 Kxb4 70. Bxf3 Kc3 71. e4 b4 72. Bd1 Bb3
73. Bh5 Bc2 74. Bf7 Bxe4 75. Kd1 Kb2 76. Kd2 Bc6 77. Bc4 Ba4 78. Bd5 Bb3 79.
Bf3 Bc4 80. Bd1 Bd5 81. Ba4 Bf3 82. Kd3 Bg4 83. Kd2 Bh5 84. Kd3 Ka3 85. Bd7 b3
86. Kc3 Bg6 87. Be8 Bxe8 0-1

[Event "FIDE Open World Blitz 2021"]
[Site "Warsaw"]
[Date "2021.12.30"]
[Round "15.30"]
[White "Carlsson, Pontus"]
[Black "Baum, Jonasz"]
[Result "1-0"]
[WhiteElo "2457"]
[BlackElo "2157"]
[Annotator "ChessBase"]
[PlyCount "49"]
[EventDate "2021.12.29"]
[EventType "swiss"]
[EventCountry "POL"]
[Tiebreak "Cut1 Buchholz"]
[SourceTitle "playchess.com"]
[Source "ChessBase"]
[SourceQuality "1"]

1. e4 c5 2. Nf3 Nc6 3. Bb5 a6 4. Bxc6 dxc6 5. d3 Qc7 6. a4 a5 7. Nbd2 e5 8. Nc4
f6 9. Be3 Be6 10. Nfd2 b6 11. O-O g5 12. c3 Rd8 13. Qb3 Rb8 14. Qc2 Nh6 15. d4
Ng4 16. dxe5 b5 17. axb5 cxb5 18. h3 bxc4 19. hxg4 Qxe5 20. f4 Qd6 21. e5 fxe5
22. f5 Bf7 23. Ne4 Qd3 24. Qa4+ Ke7 25. Bxg5# 1-0

[Event "FIDE Open World Blitz 2021"]
[Site "Warsaw"]
[Date "2021.12.30"]
[Round "15.31"]
[White "Ivic, Velimir"]
[Black "Niemann, Hans Moke"]
[Result "1-0"]
[WhiteElo "2575"]
[BlackElo "2635"]
[Annotator "ChessBase"]
[PlyCount "121"]
[EventDate "2021.12.29"]
[EventType "swiss"]
[EventCountry "POL"]
[Tiebreak "Cut1 Buchholz"]
[SourceTitle "playchess.com"]
[Source "ChessBase"]
[SourceQuality "1"]

1. c4 e5 2. Nc3 Nf6 3. Nf3 Nc6 4. e3 Bb4 5. Qc2 Bxc3 6. bxc3 e4 7. Ng5 d5 8.
Rb1 Ne7 9. cxd5 Qxd5 10. Rb5 c5 11. h4 Bd7 12. c4 Qc6 13. Bb2 Bf5 14. Be2 h6
15. Nh3 a6 16. Rb3 O-O 17. Nf4 Rfd8 18. g4 Nxg4 19. Rg1 Nf6 20. Qc3 Ng6 21. Nd5
Ne8 22. h5 Rd7 23. hxg6 fxg6 24. Nb6 Rad8 25. Nxd7 Rxd7 26. Qe5 Nf6 27. Bc3 Kh7
28. Rb1 Qa4 29. Qf4 Rf7 30. Bd1 Qxa2 31. Rc1 Ne8 32. Qe5 Nf6 33. Qxc5 h5 34.
Rh1 Ng4 35. Qd5 Rd7 36. Qc5 b5 37. cxb5 axb5 38. Qxb5 Qe6 39. Bb3 Qd6 40. Qb4
Qa6 41. Qf8 Be6 42. Bxe6 Qxe6 43. Qf4 Rf7 44. Qg3 Nxf2 45. Qxf2 Rxf2 46. Kxf2
Qf5+ 47. Ke1 Qg4 48. Ra1 Qg3+ 49. Kd1 Qg4+ 50. Kc2 h4 51. Ra7 g5 52. Rxg7+ Kh6
53. Rf1 Qg2 54. Rf6+ Kh5 55. Rf5 h3 56. Rfxg5+ Qxg5 57. Rxg5+ Kxg5 58. Be5 Kf5
59. Bf4 Ke6 60. Kc3 Kd5 61. Kb4 1-0

[Event "FIDE Open World Blitz 2021"]
[Site "Warsaw"]
[Date "2021.12.30"]
[Round "15.31"]
[White "Heberla, Bartlomiej"]
[Black "Lubczynski, Rafal"]
[Result "1/2-1/2"]
[WhiteElo "2373"]
[BlackElo "2361"]
[Annotator "NA"]
[PlyCount "25"]
[EventDate "2021.12.29"]
[EventType "swiss"]
[EventCountry "POL"]
[Tiebreak "Cut1 Buchholz"]
[SourceTitle "playchess.com"]
[Source "ChessBase"]
[SourceQuality "1"]

1. e4 d6 2. d4 Nf6 3. Nc3 e5 4. dxe5 dxe5 5. Qxd8+ Kxd8 6. Bc4 Be6 7. Bxe6 fxe6
8. Be3 Bd6 9. f3 Nc6 10. O-O-O Ke7 11. Nh3 Rhb8 12. Nf2 b5 13. Nd3 1/2-1/2

[Event "FIDE Open World Blitz 2021"]
[Site "Warsaw"]
[Date "2021.12.30"]
[Round "15.32"]
[White "Corrales Jimenez, Fidel"]
[Black "Fridman, Daniel"]
[Result "1-0"]
[WhiteElo "2523"]
[BlackElo "2626"]
[Annotator "ChessBase"]
[PlyCount "127"]
[EventDate "2021.12.29"]
[EventType "swiss"]
[EventCountry "POL"]
[Tiebreak "Cut1 Buchholz"]
[SourceTitle "playchess.com"]
[Source "ChessBase"]
[SourceQuality "1"]

1. d4 d5 2. c4 e6 3. Nf3 Nf6 4. Nc3 Be7 5. Bg5 h6 6. Bxf6 Bxf6 7. cxd5 exd5 8.
e3 O-O 9. Bd3 Be6 10. O-O Nd7 11. Qc2 c5 12. Bh7+ Kh8 13. Bf5 Rc8 14. Rad1 b5
15. Bxe6 fxe6 16. dxc5 Rxc5 17. Qe2 Bxc3 18. bxc3 Qf6 19. e4 Nb6 20. Nd4 e5 21.
Nb3 Rxc3 22. exd5 Nc4 23. Nc5 Qg6 24. Ne4 Rcf3 25. d6 R3f7 26. Rd5 a6 27. d7
Rd8 28. Rfd1 Qc6 29. Nc5 Re7 30. h4 e4 31. R1d4 e3 32. f4 Nb6 33. Rf5 Na4 34.
Nxa4 bxa4 35. Re5 Rexd7 36. Rxd7 Qxd7 37. Qxe3 Qc6 38. Kh2 Rb8 39. h5 Qc2 40.
f5 Rb2 41. Qg3 Qc6 42. Qg6 Qc7 43. Qg3 Qc6 44. Re6 Qd7 45. Qg6 Rb8 46. f6 Qc7+
47. g3 Rf8 48. fxg7+ Qxg7 49. Qxh6+ Qxh6 50. Rxh6+ Kg7 51. Rg6+ Kh7 52. Rxa6
Rf2+ 53. Kh3 Rxa2 54. Kh4 a3 55. g4 Rh2+ 56. Kg5 a2 57. Ra7+ Kg8 58. Kg6 Kf8
59. g5 Rb2 60. h6 Rb6+ 61. Kh5 Rb2 62. h7 Rh2+ 63. Kg6 Ke8 64. Kg7 1-0

[Event "FIDE Open World Blitz 2021"]
[Site "Warsaw"]
[Date "2021.12.30"]
[Round "15.32"]
[White "Lopusiewicz, Piotr"]
[Black "Tologontegin, Semetey"]
[Result "1-0"]
[WhiteElo "2279"]
[BlackElo "2224"]
[Annotator "NA"]
[PlyCount "65"]
[EventDate "2021.12.29"]
[EventType "swiss"]
[EventCountry "POL"]
[Tiebreak "Cut1 Buchholz"]
[SourceTitle "playchess.com"]
[Source "ChessBase"]
[SourceQuality "1"]

1. d4 g6 2. e4 Bg7 3. Nf3 d6 4. Be3 Nf6 5. Nc3 O-O 6. Qd2 Ng4 7. Bf4 e5 8. dxe5
Nxe5 9. Nxe5 dxe5 10. Qxd8 Rxd8 11. Bg5 f6 12. Bc4+ Kh8 13. Be3 Nc6 14. Nd5 Be6
15. O-O-O Nb4 16. Nxc7 Bxc4 17. Nxa8 Rxa8 18. Rd7 Ba6 19. Rhd1 Nc6 20. Rc7 h5
21. Rdd7 Bf8 22. Rf7 Be7 23. Rxc6 bxc6 24. Rxe7 Bc4 25. b3 Bg8 26. Rxa7 Rxa7
27. Bxa7 Kg7 28. Kd2 Kf7 29. Kc3 Ke6 30. Kb4 g5 31. Kc5 g4 32. f3 f5 33. c4 1-0

[Event "FIDE Open World Blitz 2021"]
[Site "Warsaw"]
[Date "2021.12.30"]
[Round "15.33"]
[White "Petrosyan, Manuel"]
[Black "Gareyev, Timur"]
[Result "1-0"]
[WhiteElo "2599"]
[BlackElo "2583"]
[Annotator "ChessBase"]
[PlyCount "101"]
[EventDate "2021.12.29"]
[EventType "swiss"]
[EventCountry "POL"]
[Tiebreak "Cut1 Buchholz"]
[SourceTitle "playchess.com"]
[Source "ChessBase"]
[SourceQuality "1"]

1. Nf3 d6 2. d4 e5 3. dxe5 Bg4 4. e3 Nd7 5. Be2 Nh6 6. h3 Bh5 7. Nc3 Bg6 8.
exd6 Bxd6 9. e4 Bb4 10. Bxh6 gxh6 11. Qd4 Bxc3+ 12. Qxc3 Qf6 13. e5 Qe6 14.
Qxc7 O-O 15. Bc4 Qf5 16. Bd3 Qe6 17. O-O Rac8 18. Qxb7 Nc5 19. Qxa7 Nxd3 20.
cxd3 Bxd3 21. Rfe1 Kh8 22. Qe3 Bg6 23. b3 Rg8 24. Kh2 Bh5 25. Qf4 Rc2 26. Nd4
Qg6 27. g4 Rc3 28. Qf6+ Qxf6 29. exf6 Bg6 30. Rad1 h5 31. Re3 Rc5 32. Nf3 hxg4
33. hxg4 h6 34. Ne5 Rc2 35. Kg3 Rxa2 36. Rd7 Ra1 37. Nxg6+ Rxg6 38. Rxf7 Rg1+
39. Kf3 R1xg4 40. Re8+ Rg8 41. Rxg8+ Rxg8 42. Rb7 Rg6 43. f7 Rf6+ 44. Kg3 Kg7
45. f4 Rc6 46. b4 Rg6+ 47. Kh3 h5 48. b5 Rg4 49. b6 Rxf4 50. Rc7 Rb4 51. b7 1-0

[Event "FIDE Open World Blitz 2021"]
[Site "Warsaw"]
[Date "2021.12.30"]
[Round "15.33"]
[White "Yunusov, Mukhammad"]
[Black "Elier, Ali"]
[Result "1-0"]
[WhiteElo "1874"]
[BlackElo "2194"]
[Annotator "NA"]
[PlyCount "101"]
[EventDate "2021.12.29"]
[EventType "swiss"]
[EventCountry "POL"]
[Tiebreak "Cut1 Buchholz"]
[SourceTitle "playchess.com"]
[Source "ChessBase"]
[SourceQuality "1"]

1. d4 d5 2. Nf3 Nf6 3. Bf4 e6 4. e3 Bd6 5. Bg3 O-O 6. Nbd2 c5 7. c3 Nc6 8. Bd3
Re8 9. Ne5 cxd4 10. exd4 Bxe5 11. dxe5 Nd7 12. h4 f6 13. exf6 Nxf6 14. Qe2 e5
15. O-O-O e4 16. Bb5 Bg4 17. Qe3 Bxd1 18. Rxd1 Qa5 19. Bxc6 bxc6 20. Kb1 Rab8
21. Nb3 Qa4 22. Bxb8 Rxb8 23. Qf4 Qb5 24. Qd2 a5 25. Nd4 Qc4 26. Nc2 a4 27. Nb4
c5 28. Nxd5 a3 29. Nxf6+ gxf6 30. b3 Kg7 31. Qd7+ Kh6 32. Qd2+ Kg6 33. h5+ Kg7
34. Qd7+ Qf7 35. Qxf7+ Kxf7 36. Rd5 Rc8 37. Kc2 Ke6 38. c4 Rg8 39. g3 e3 40.
fxe3 Rxg3 41. Rxc5 Rxe3 42. b4 f5 43. Rc8 Kd7 44. Rf8 Re4 45. Kd3 Rf4 46. b5
Rf2 47. b6 Kc6 48. Rf6+ Kb7 49. c5 Rxa2 50. Rxf5 Rh2 51. Rf7+ 1-0

[Event "FIDE Open World Blitz 2021"]
[Site "Warsaw"]
[Date "2021.12.30"]
[Round "15.34"]
[White "Salem, A.R. Saleh"]
[Black "Riazantsev, Alexander"]
[Result "1/2-1/2"]
[WhiteElo "2690"]
[BlackElo "2634"]
[Annotator "ChessBase"]
[PlyCount "121"]
[EventDate "2021.12.29"]
[EventType "swiss"]
[EventCountry "POL"]
[Tiebreak "Cut1 Buchholz"]
[SourceTitle "playchess.com"]
[Source "ChessBase"]
[SourceQuality "1"]

1. d4 d5 2. c4 c6 3. Nc3 dxc4 4. Nf3 Nf6 5. e4 b5 6. Qc2 g6 7. Be2 Bg7 8. a4 b4
9. e5 bxc3 10. exf6 exf6 11. bxc3 O-O 12. O-O Be6 13. Ba3 Re8 14. Nd2 Bf5 15.
Qd1 Bd3 16. Re1 Nd7 17. Nxc4 Bxc4 18. Bxc4 Nb6 19. Bf1 Qd7 20. a5 Nd5 21. Qd2
f5 22. Bc5 Nf6 23. f3 Bf8 24. Bxf8 Rxf8 25. Rab1 c5 26. Red1 cxd4 27. Qxd4
Qxd4+ 28. Rxd4 Rab8 29. Rbb4 Rfc8 30. Ba6 Rxb4 31. cxb4 Rc1+ 32. Kf2 Rc2+ 33.
Kf1 Rb2 34. Bc4 Kf8 35. b5 Ke7 36. Rd3 Rb4 37. Re3+ Kd6 38. Bxf7 Rxb5 39. Re6+
Kd7 40. Rxf6 Ke7 41. Ra6 Kxf7 42. Rxa7+ Kf6 43. f4 Rb1+ 44. Kf2 Rb2+ 45. Kg3
Rb3+ 46. Kh4 h6 47. Ra6+ Kg7 48. g3 Ra3 49. Kh3 Ra2 50. Ra8 Kf6 51. Ra7 g5 52.
Ra6+ Kg7 53. fxg5 hxg5 54. Ra8 Kg6 55. Ra6+ Kh5 56. g4+ fxg4+ 57. Kg3 Ra3+ 58.
Kg2 Ra2+ 59. Kg3 Ra3+ 60. Kg2 Ra2+ 61. Kg3 1/2-1/2

[Event "FIDE Open World Blitz 2021"]
[Site "Warsaw"]
[Date "2021.12.30"]
[Round "15.34"]
[White "Gluszko, Tomasz"]
[Black "Blanco Acevedo, Cristobal Jose"]
[Result "0-1"]
[WhiteElo "2086"]
[BlackElo "2350"]
[Annotator "NA"]
[PlyCount "108"]
[EventDate "2021.12.29"]
[EventType "swiss"]
[EventCountry "POL"]
[Tiebreak "Cut1 Buchholz"]
[SourceTitle "playchess.com"]
[Source "ChessBase"]
[SourceQuality "1"]

1. e4 c5 2. Nf3 Nc6 3. Nc3 Nf6 4. Bb5 e5 5. O-O d6 6. h3 Be7 7. d3 h6 8. Nd2
O-O 9. a4 Be6 10. Nc4 Nd4 11. Ne3 Nxb5 12. axb5 Bd7 13. Nc4 Qe8 14. b6 a6 15.
f4 Qd8 16. Qf3 Bc6 17. Be3 Kh8 18. fxe5 dxe5 19. Nxe5 Qxb6 20. Nxc6 Qxc6 21.
Rf2 Rad8 22. Raf1 Qe6 23. Qf5 Qxf5 24. Rxf5 b6 25. Ra1 a5 26. Nb5 Kg8 27. Raf1
Rd7 28. b3 Ne8 29. g4 g6 30. R5f2 Bg5 31. Rf3 Kg7 32. Kg2 f6 33. Kg3 Bxe3 34.
Rxe3 Nc7 35. Nc3 Re8 36. Ref3 Re6 37. h4 g5 38. hxg5 hxg5 39. Rh1 Ree7 40. Kf2
b5 41. Rfh3 Kf7 42. Rh8 b4 43. Na4 Ne6 44. R1h7+ Kg6 45. Rh6+ Kf7 46. R6h7+ Kg6
47. Nb6 Rxh7 48. Rg8+ Rdg7 49. Re8 Nf4 50. Rf8 Rh2+ 51. Kg1 Rgh7 52. Rg8+ Kf7
53. Rc8 Rg2+ 54. Kf1 Rh1# 0-1

[Event "FIDE Open World Blitz 2021"]
[Site "Warsaw"]
[Date "2021.12.30"]
[Round "15.35"]
[White "Gajewski, Grzegorz"]
[Black "Dreev, Aleksey"]
[Result "0-1"]
[WhiteElo "2589"]
[BlackElo "2635"]
[Annotator "ChessBase"]
[PlyCount "86"]
[EventDate "2021.12.29"]
[EventType "swiss"]
[EventCountry "POL"]
[Tiebreak "Cut1 Buchholz"]
[SourceTitle "playchess.com"]
[Source "ChessBase"]
[SourceQuality "1"]

1. Nf3 d5 2. g3 c6 3. Bg2 Bg4 4. d3 e6 5. h3 Bh5 6. O-O Bd6 7. c4 Nf6 8. cxd5
Bxf3 9. Bxf3 cxd5 10. Nc3 Nc6 11. e4 dxe4 12. dxe4 O-O 13. Be3 Qe7 14. Bg2 Bc5
15. Bf4 Rfd8 16. Qa4 Rd4 17. Qc2 Rad8 18. e5 Nd7 19. Ne4 Nb4 20. Qe2 h6 21. Be3
Rd3 22. a3 Rxe3 23. fxe3 Nd5 24. Nxc5 Qxc5 25. Bxd5 exd5 26. Rad1 Nxe5 27. Rd4
Nc6 28. Rd2 Re8 29. Qf2 f6 30. Qf3 Rxe3 31. Qxd5+ Qxd5 32. Rxd5 Rxg3+ 33. Kh2
Rb3 34. Rf2 Ne5 35. Rc2 Kh7 36. Kg2 h5 37. Rd4 a5 38. Rdd2 g5 39. Rc3 Rb6 40.
b3 Kg6 41. Rd5 Ra6 42. Rb5 Rd6 43. Rxb7 Rd2+ 0-1

[Event "FIDE Open World Blitz 2021"]
[Site "Warsaw"]
[Date "2021.12.30"]
[Round "15.35"]
[White "Masternak, Grzegorz"]
[Black "Laith, Kasib"]
[Result "1-0"]
[WhiteElo "2188"]
[BlackElo "2010"]
[Annotator "NA"]
[PlyCount "54"]
[EventDate "2021.12.29"]
[EventType "swiss"]
[EventCountry "POL"]
[Tiebreak "Cut1 Buchholz"]
[SourceTitle "playchess.com"]
[Source "ChessBase"]
[SourceQuality "1"]

1. e4 d6 2. Nc3 Nf6 3. g3 g6 4. Bg2 Bg7 5. d3 O-O 6. h3 e5 7. Be3 c6 8. Qd2
Nbd7 9. Bh6 b5 10. Bxg7 Kxg7 11. f4 Nc5 12. Nf3 Nh5 13. Ne2 Qf6 14. O-O exf4
15. gxf4 Ne6 16. Nh2 Qh4 17. Qc3+ f6 18. Nf3 Nexf4 19. Nxf4 Qxf4 20. Qxc6 Qe3+
21. Rf2 Be6 22. Qxd6 Nf4 23. Re1 Qb6 24. Qxf4 g5 25. Qe3 Qa5 26. a3 Rac8 27. d4
Rc7 1-0

[Event "FIDE Open World Blitz 2021"]
[Site "Warsaw"]
[Date "2021.12.30"]
[Round "15.36"]
[White "Zvjaginsev, Vadim"]
[Black "Tazbir, Marcin"]
[Result "1/2-1/2"]
[WhiteElo "2609"]
[BlackElo "2508"]
[Annotator "ChessBase"]
[PlyCount "90"]
[EventDate "2021.12.29"]
[EventType "swiss"]
[EventCountry "POL"]
[Tiebreak "Cut1 Buchholz"]
[SourceTitle "playchess.com"]
[Source "ChessBase"]
[SourceQuality "1"]

1. c4 e5 2. Nc3 Bb4 3. Nd5 Be7 4. Nf3 d6 5. d4 e4 6. Nd2 f5 7. Nb1 Nf6 8. Nxe7
Qxe7 9. Nc3 c6 10. Bg5 O-O 11. e3 h6 12. Bxf6 Rxf6 13. Be2 Nd7 14. O-O Rf8 15.
b4 Nf6 16. b5 c5 17. Qd2 Be6 18. Rfd1 Rfd8 19. a4 Rac8 20. a5 Qf7 21. dxc5 Rxc5
22. Na4 Rcc8 23. Nb2 d5 24. Rac1 Qe7 25. cxd5 Rxc1 26. Qxc1 Nxd5 27. Bc4 Kf7
28. h3 Nc7 29. b6 Rxd1+ 30. Qxd1 axb6 31. axb6 Na8 32. Qd4 Qe8 33. Bxe6+ Qxe6
34. Nc4 Kf8 35. Qd8+ Qe8 36. Qd6+ Kg8 37. g3 Kh7 38. h4 Qb5 39. Qd4 Qc6 40. h5
Qe8 41. Qd1 Qc6 42. Qb3 Qe8 43. Qa3 Qxh5 44. Qxa8 Qd1+ 45. Kh2 Qh5+ 1/2-1/2